| 000 | 01702nam a2200385 a 4500 | ||
|---|---|---|---|
| 001 | ebr10204351 | ||
| 003 | CaPaEBR | ||
| 006 | m u | ||
| 007 | cr cn||||||||| | ||
| 008 | 070521s2008 ne a sb 001 0 eng | ||
| 010 | _z 2007021167 | ||
| 020 | _z9780123694119 (pbk. : alk. paper) | ||
| 040 |
_aCaPaEBR _cCaPaEBR |
||
| 035 | _a(OCoLC)190760045 | ||
| 050 | 1 | 4 |
_aQH505 _b.D36 2008eb |
| 082 | 0 | 4 |
_a571.4 _222 |
| 084 |
_a33.00 _2bcl |
||
| 084 |
_a42.12 _2bcl |
||
| 084 |
_a44.31 _2bcl |
||
| 100 | 1 | _aDavidovits, Paul. | |
| 245 | 1 | 0 |
_aPhysics in biology and medicine _h[electronic resource] / _cPaul Davidovits. |
| 250 | _a3rd ed. | ||
| 260 |
_aAmsterdam ; _aBoston : _bElsevier/Academic Press, _cc2008. |
||
| 300 |
_axviii, 328 p. : _bill. |
||
| 490 | 1 | _aComplementary science series | |
| 504 | _aIncludes bibliographical references (p. 302-309) and index. | ||
| 505 | 0 | _aStatic forces -- Friction -- Translational motion -- Angular motion -- Elasticity and strength of materials -- Insect flight -- Fluids -- The motion of fluids -- Heat and kinetic theory -- Thermodynamics -- Heat and life -- Waves and sound -- Electricity -- Electrical technology -- Optics -- Atomic physics -- Nuclear physics. | |
| 533 |
_aElectronic reproduction. _bPalo Alto, Calif. : _cebrary, _d2013. _nAvailable via World Wide Web. _nAccess may be limited to ebrary affiliated libraries. |
||
| 650 | 0 | _aBiophysics. | |
| 650 | 0 | _aMedical physics. | |
| 655 | 7 |
_aElectronic books. _2local |
|
| 710 | 2 | _aebrary, Inc. | |
| 830 | 0 | _aComplementary science series. | |
| 856 | 4 | 0 |
_uhttp://site.ebrary.com/lib/rucke/Doc?id=10204351 _zAn electronic book accessible through the World Wide Web; click to view |
| 999 |
_c120504 _d120504 |
||